Ukraine : 2002 Article IV Consultation-Staff Report; Staff Supplement; Public Information Notice on the Executive Board Discussion; and Statement by the Executive Director for Ukraine.

This 2002 Article IV Consultation highlights that the economic situation in Ukraine has continued to improve in 2001. Real GDP growth is estimated to have increased from almost 6 percent in 2000 to 9 percent in 2001, mainly on account of double-digit growth of industrial output and a good grain harv...

Cijeli opis

Bibliografski detalji
Autor kompanije: International Monetary Fund
Format: Žurnal
Jezik:English
Izdano: Washington, D.C. : International Monetary Fund, 2002.
Serija:IMF Staff Country Reports; Country Report ; No. 2002/146
Online pristup:Full text available on IMF
LEADER 01743cas a2200241 a 4500
001 AALejournalIMF008267
008 230101c9999 xx r poo 0 0eng d
020 |c 5.00 USD 
020 |z 9781451838954 
022 |a 1934-7685 
040 |a BD-DhAAL  |c BD-DhAAL 
110 2 |a International Monetary Fund. 
245 1 0 |a Ukraine :   |b 2002 Article IV Consultation-Staff Report; Staff Supplement; Public Information Notice on the Executive Board Discussion; and Statement by the Executive Director for Ukraine. 
264 1 |a Washington, D.C. :  |b International Monetary Fund,  |c 2002. 
300 |a 1 online resource (62 pages) 
490 1 |a IMF Staff Country Reports 
500 |a <strong>Off-Campus Access:</strong> No User ID or Password Required 
500 |a <strong>On-Campus Access:</strong> No User ID or Password Required 
506 |a Electronic access restricted to authorized BRAC University faculty, staff and students 
520 3 |a This 2002 Article IV Consultation highlights that the economic situation in Ukraine has continued to improve in 2001. Real GDP growth is estimated to have increased from almost 6 percent in 2000 to 9 percent in 2001, mainly on account of double-digit growth of industrial output and a good grain harvest, resulting from favorable weather conditions and a lessening of government controls in agriculture. Fiscal policy through end-September 2001 was broadly on track, although indicators of revenue were affected by the accumulation of arrears on value-added tax refunds. 
538 |a Mode of access: Internet 
830 0 |a IMF Staff Country Reports; Country Report ;  |v No. 2002/146 
856 4 0 |z Full text available on IMF  |u http://elibrary.imf.org/view/journals/002/2002/146/002.2002.issue-146-en.xml  |z IMF e-Library